00390cam a2200169ua 4500020000900000041001000009082001900019100002600038245005600064250001200120260003600132300001200168365000900180504000500189942000700194999001900201 c2.50 ahinh a891.54bKRI/KA aKrishna chandra, . aKala sooraj / cKrishna chandra.hTextual Documents a3 / b. a : bRajpal and Sanch , c1962. a125 ; . a2.50 a cBK c333965d333965